Normal view
MARC view
- قطان، بيتر عيسى
Entry Personal Name
001 - CONTROL NUMBER
- control field: 51273
003 - CONTROL NUMBER IDENTIFIER
- control field: JO-AjAnu
005 - DATE AND TIME OF LATEST TRANSACTION
- control field: 20230606082433.0
008 - FIXED-LENGTH DATA ELEMENTS
- fixed length control field: 230606|| aca||aabn | a|a d
040 ## - CATALOGING SOURCE
- Original cataloging agency: JO-AjAnu
- Transcribing agency: JO-AjAnu
100 ## - HEADING--PERSONAL NAME
- Personal name: قطان، بيتر عيسى
670 ## - SOURCE DATA FOUND
- Source citation: Work cat.: (JO-AjAnu)26205: قطان، بيتر عيسى , author, مقدمة الى برنامج STAAD